Statistics for Presidents of Algeria

Click here to take the quiz!

General Stats

  • This quiz has been taken 6 times
  • The average score is 4 of 11

Answer Stats

Year(s)Name% Correct
1999-2019Abdelaziz Bouteflika
83%
2019-NowAbdelmadjid Tebboune
83%
1963-1965Ahmed Ben Bella
67%
1965-1976Houari Boumédiène
50%
1979-1992Chadli Bendjedid
33%
1992-1992Mohamed Boudiaf
33%
2019-2019Abdelkader Bensalah
17%
1992-1994Ali Kafi
17%
1994-1999Liamine Zéroual
17%
1992-1992Abdelmalek Benhabyles
0%
1976-1979Rabah Bitat
0%

Score Distribution

Percentile by Number Answered

Percent of People with Each Score

Your Score History

You have not taken this quiz